| 000 -ლიდერი |
| ფიქსირებული სიგრძის საკონტროლო ველი |
01232nam a22002057a 4500 |
| 003 - საკონტროლო ნომრის იდენტიფიკატორი |
| საკონტროლო ველი |
Ge_BSU |
| 005 - ბოლო ოპერაციის თარიღი და დრო |
| საკონტროლო ველი |
20230217173442.0 |
| 008 - ფიქსირებული სიგრძის მონაცემთა ელემენტები - ზოგადი ინფორმაცია |
| ფიქსირებული სიგრძის საკონტროლო ველი |
230217s2002 ge ||||| |||| 00| 0 geo d |
| 020 ## - წიგნის საერთაშორისო სტანდარტული ნომერი |
| International Standard Book Number |
999289640X |
| 041 ## - ენის კოდი |
| Language code of text/sound track or separate title |
geo |
| 080 ## - უნივერსალური ათობითი კლასიფიკაციის ინდექსი |
| Universal Decimal Classification number |
343.1(479.22)(094.4) ტ-13 |
| 100 ## - მთავარი ჩანაწერი - პიროვნების სახელი |
| Personal name |
ტაბუცაძე, იური |
| 9 (RLIN) |
16966 |
| 245 ## - ცნობა სათაურის შესახებ |
| Title |
საქართველოს სისხლის სამართლის საპროცესო კოდექსის ცალკეულ დებულებათა კომენტარი / |
| Statement of responsibility, etc |
იური ტაბუცაძე, იური ტყეშელაშვილი ; რედაქტორი პაატა ცნობილაძე. |
| 264 ## - წარმოების, გამოცემის, დისტრიბუციის და სხვა ცნობები |
| გამოცემის, წარმოების, დისტრიბუციის... ადგილი |
თბილისი, |
| გამოცემის, წარმოების, დისტრიბუციის... თარიღი |
2002. |
| 300 ## - ფიზიკური აღწერა |
| Extent |
222 გვ. ; |
| Other physical details |
20 სმ. |
| 653 ## - INDEX TERM--UNCONTROLLED |
| Uncontrolled term |
საქართველოს სისხლის სამართლის საპროცესო კოდექსი. |
| 700 ## - ADDED ENTRY--PERSONAL NAME |
| Personal name |
ტყეშელაშვილი, იური |
| Relator term |
ავტორი |
| 9 (RLIN) |
16967 |
| 700 ## - ADDED ENTRY--PERSONAL NAME |
| Personal name |
ცნობილაძე, პაატა |
| Relator term |
რედაქტორი, წინასიტყვაობის ავტორი. |
| 9 (RLIN) |
8149 |
| 942 ## - ADDED ENTRY ELEMENTS (KOHA) |
| Source of classification or shelving scheme |
|
| Koha item type |
წიგნი |